Guess The Movie Genres By Emoji - Statistics

General Stats
  • This quiz has been taken 1,021 times
  • The average score is 5 of 6
Answer Stats
Hint Answer % Correct
πŸ˜…πŸ˜‚πŸ€£ Comedy
97%
πŸ‘»πŸ˜ˆπŸ€‘ Horror
96%
πŸ˜˜πŸ˜β€πŸ‘©β€β€β€πŸ’‹β€πŸ‘¨ Romance
95%
πŸŽΌπŸŽ΅πŸ§‘β€πŸŽ€ Musical
91%
πŸ‘½πŸ›Έ Sci-fi
82%
🀠🐎 Western
75%
No matching quizzes found
Score Distribution
Percent of People with Each Score
Percentile by Number Answered
Your Score History
You have not taken this quiz